000 00400nam a22001577a 4500
003 OSt
005 20241024100926.0
007 173 pages
008 241024b |||||||| |||| 00| 0 eng d
020 _a938214644
040 _c
082 _a294.561
_bSHA
245 _aLiving the mystery of Life
_cShankar Sri Sri Ravi
_hEnglish
260 _bSri Sri publications
942 _2ddc
_cBK
_k294.561
_mSHA
_n0
999 _c36088
_d36088